Od 1. júla 2004 je účinný zákon o zodpovednosti za škodu spôsobenú pri výkone verejnej moci

Nový zákon o zodpovednosti za škodu č. 514/2003 Z.z.. Zákon sa vzťahuje len na rozhodnutie prijaté po 1. 7. 2004. Rozsah zodpovednosti. Orgán konajúci v mene štátu. Rozsah náhrady škody a lehoty. Očakávané riziká. Pohľad daňových orgánov.

Gespeichert in:
Bibliographische Detailangaben
1. Verfasser: Burák, Emil
Format: Buchkapitel
Sprache:Slowakisch
Schlagworte:
Tags: Tag hinzufügen
Keine Tags, Fügen Sie das erste Tag hinzu!

MARC

LEADER 00000naa$a2200000$$$4500
001 0022736
005 20231106070721.8
041 0 |a slo 
044 |a SK 
245 1 0 |a Od 1. júla 2004 je účinný zákon o zodpovednosti za škodu spôsobenú pri výkone verejnej moci  |c Emil Burák 
520 |a Nový zákon o zodpovednosti za škodu č. 514/2003 Z.z.. Zákon sa vzťahuje len na rozhodnutie prijaté po 1. 7. 2004. Rozsah zodpovednosti. Orgán konajúci v mene štátu. Rozsah náhrady škody a lehoty. Očakávané riziká. Pohľad daňových orgánov. 
610 2 0 |a zodpovednosť za škody 
610 2 0 |a moc verejná 
610 2 0 |a orgány štátne 
610 2 0 |a správa štátna 
610 2 0 |a správa verejná 
610 2 0 |a zákony 
610 2 0 |a Slovensko 
610 2 0 |a 2004 
100 1 |a Burák, Emil